Načítá se...

The canterbury tales /

Podrobná bibliografie
Další autoři: Pearsall, Derek
Médium: Printed Book
Jazyk:English
Vydáno: London: Routledge, 2002.
Témata:
LEADER 00646cam a2200217ua 4500
008 090611t2002||||||||||| 001 ||eng c
020 |a 0-415-09444-5 
041 0 |a eng 
082 |a 821.1  |b PEA/C 
245 0 0 |a The canterbury tales /  
260 |a London:  |b Routledge,  |c 2002. 
300 |a xii, 380p.. 
362 1 |a 2002. 
365 |a Pd.21.99  |e pb 
500 |a Includes index. 
650 |a The canterbury tales 
650 0 |a Literature 
700 0 2 |a Pearsall, Derek,  
942 |c BK 
999 |c 21149  |d 21149 
952 |0 0  |1 0  |4 0  |6 821_100000000000000_PEA  |7 0  |9 22334  |a KUCL  |b KUCL  |d 2014-05-23  |l 5  |m 2  |o 821.1 PEA/  |p 21513  |r 2016-10-05  |s 2016-08-19  |w 2014-05-23  |y BK